El fiscal y el juez : (Record no. 196186)

MARC details
000 -LEADER
campo de control de longitud fija 02670nam a2200505 i 4500
001 - NÚMERO DE CONTROL
campo de control 196186
003 - IDENTIFICADOR DE NÚMERO DE CONTROL
campo de control ES-MaACL
005 - FECHA Y HORA DE LA ÚLTIMA TRANSACCIÓN
campo de control 20250809052939.0
008 - DATOS DE LONGITUD FIJA--INFORMACIÓN GENERAL
campo de control de longitud fija 240817s2021 sp a | |||| 001 0 spa
015 ## - NÚMERO DE BIBLIOGRAFÍA NACIONAL
Número de bibliografía nacional MON21
017 ## - NÚMERO DE COPYRIGHT O DE DEPÓSITO LEGAL
Número de copyright o de depósito legal M 32889-2021
Agencia que asigna Oficina Depósito Legal Madrid
020 ## - NÚMERO INTERNACIONAL ESTÁNDAR DEL LIBRO
Número Internacional Estándar del Libro 9788412034790
035 ## - NÚMERO DE CONTROL DEL SISTEMA
Número de control de sistema (SpMaBN)a7244397
035 ## - NÚMERO DE CONTROL DEL SISTEMA
Número de control de sistema 991047618099708606
040 ## - FUENTE DE CATALOGACIÓN
Centro catalogador/agencia de origen SpMaBN
Lengua de catalogación spa
Centro/agencia transcriptor SpMaBN
Normas de descripción rda
080 ## - NÚMERO DE LA CLASIFICACIÓN DECIMAL UNIVERSAL
Número de la Clasificación Decimal Universal 929 Ferencz, Benjamin B.
080 ## - NÚMERO DE LA CLASIFICACIÓN DECIMAL UNIVERSAL
Número de la Clasificación Decimal Universal 929 Cassese, Antonio
080 ## - NÚMERO DE LA CLASIFICACIÓN DECIMAL UNIVERSAL
Número de la Clasificación Decimal Universal 34 Ferencz, Benjamin B.
080 ## - NÚMERO DE LA CLASIFICACIÓN DECIMAL UNIVERSAL
Número de la Clasificación Decimal Universal 34 Cassese, Antonio
080 ## - NÚMERO DE LA CLASIFICACIÓN DECIMAL UNIVERSAL
Número de la Clasificación Decimal Universal 340.114
100 ## - ENTRADA PRINCIPAL--NOMBRE DE PERSONA
Nombre de persona Stuart, Heikelina Verrijn
9 (RLIN) 238454
Término indicativo de función/relación Autor
245 13 - MENCIÓN DEL TÍTULO
Título El fiscal y el juez :
Resto del título Benjamin Ferencz y Antonio Cassese /
Mención de responsabilidad, etc. Heikelina Verrijn Stuart y Marlise Simons ; prefacio, Heikelina Verrijn Stuart ; presentación, Joaquín Gónzalez Ibáñez ; prólogo, Yolanda Rueda Soriano y Javier Hernández García ; traducción, Cristina McLaren, Ángela González Linacero.
264 #1 - PRODUCCIÓN, PUBLICACIÓN, DISTRIBUCIÓN, FABRICACIÓN Y COPYRIGHT
Producción, publicación, distribución, fabricación y copyright [Madrid] :
Nombre del de productor, editor, distribuidor, fabricante Berg Institute,
Fecha de producción, publicación, distribución, fabricación o copyright [2021].
264 #4 - PRODUCCIÓN, PUBLICACIÓN, DISTRIBUCIÓN, FABRICACIÓN Y COPYRIGHT
Fecha de producción, publicación, distribución, fabricación o copyright ©2021
300 ## - DESCRIPCIÓN FÍSICA
Extensión 273 páginas :
Otras características físicas ilustraciones (blanco y negro y color) ;
Dimensiones 24 cm.
336 ## - TIPO DE CONTENIDO
Término de tipo de contenido Texto
-- Imagen fija
Fuente rdacontent
337 ## - TIPO DE MEDIO
Nombre/término del tipo de medio sin mediación
Fuente rdamedia
338 ## - TIPO DE SOPORTE
Nombre/término del tipo de soporte volumen
Fuente rdacarrier
490 1# - MENCIÓN DE SERIE
Mención de serie Biblioteca literatura y derechos humanos ;
Designación de volumen o secuencia 16
504 ## - NOTA DE BIBLIOGRAFÍA, ETC.
Nota de bibliografía, etc. Bibliografía: páginas 267-270. Índice
520 ## - RESUMEN, ETC.
Sumario, etc. En 2009 Benjamin Ferencz, fiscal jefe de Nuremberg en el juicio a los Einsatzgruppen, y Antonio Cassese primer presidente del Tribunal Penal Internacional para la antigua Yugoslavia y del Tribunal Especial para el Líbano, recibieron el Premio Erasmus. Fue entonces cuando Heikelina Verrij Stuart y Marlise Simons decidieron entrevistarlos. El fiscal y el juez recoge el resultado de estas entrevistas junto con varios artículos de Cassese y Ferencz sobre temas como el crimen de agresión, la compensación de las víctimas o la evolución de la justicia internacional.
600 #0 - PUNTO DE ACCESO ADICIONAL DE MATERIA--NOMBRE DE PERSONA
Nombre de persona Ferencz, Benjamin B.,
Fechas asociadas al nombre 1920-2023
9 (RLIN) 238455
600 #0 - PUNTO DE ACCESO ADICIONAL DE MATERIA--NOMBRE DE PERSONA
Nombre de persona Cassese, Antonio
9 (RLIN) 238447
650 #4 - PUNTO DE ACCESO ADICIONAL DE MATERIA--TÉRMINO DE MATERIA
Término de materia o nombre geográfico como elemento de entrada Justicia
9 (RLIN) 14032
700 ## - ENTRADA AGREGADA--NOMBRE PERSONAL
Nombre de persona Simons, Marlise
9 (RLIN) 238456
Término indicativo de función/relación Autor
700 ## - ENTRADA AGREGADA--NOMBRE PERSONAL
Nombre de persona McLaren, Cristina
9 (RLIN) 238453
Término indicativo de función/relación Traductor
700 ## - ENTRADA AGREGADA--NOMBRE PERSONAL
Nombre de persona González Linacero, Ángela
9 (RLIN) 238457
Término indicativo de función/relación Traductor
830 #0 - PUNTO DE ACCESO ADICIONAL DE SERIE-TÍTULO UNIFORME
Título uniforme Biblioteca literatura y derechos humanos
Designación de volumen o secuencia 16
9 (RLIN) 238888
852 ## - LOCALIZACIÓN
Ubicación ES-MaACL
Sublocalización o colección R.154535
Ubicación en estantería Depósito J
Número de control de estantería N-9261
Donativo/Legado Donación: Editorial
Encuadernación Encuadernación cartoné
itemnumber 205215
942 ## - ELEMENTOS DE ENTRADA SECUNDARIOS (KOHA)
Tipo de ítem Koha Libro impreso
Suprimir en OPAC No
Holdings
Estatus retirado Estado de pérdida Fuente del sistema de clasificación o colocación Estado de daño No para préstamo Biblioteca de origen Biblioteca actual Ubicación en estantería Fecha de adquisición Fuente de adquisición Total de préstamos Signatura topográfica completa Código de barras Visto por última vez Precio de reemplazo Tipo de ítem Koha
    Clasificación decimal universal     Biblioteca del Ateneo de Madrid Biblioteca del Ateneo de Madrid Depósito J 06/05/2025 Donación   N-9261 101229987 06/05/2025 06/05/2025 Libro impreso